01073nam a22002777a 4500003000900000005001700009008003300026020001500059040002200074082002800096100002000124245020700144260004400351300002700395490003500422500004000457534011100497650001400608650003400622650002500656650001100681700002500692700002600717700002500743700002700768DO-SdBNP20240125101202.0180205b 1987 sp |||| 00| 0 spa d a8485351991 aBPMSUbspacBPMSU 4a618.92 bW177n 19872221 aWalker, Peter 10aNiños felices :bcómo tener y criar niños sanos desde el embarazo a los tres años /cPeter y Fiona Walker ; traducción Jimmy Clark, Begoña Orive ; ilustraciones Peter Mennim, Binny Mathews.  aBarcelona : bIntegral Ediciones,c1987 a141 p. :bil. ;c25 cm0 aLos libros de integral ; v21  3Incluye bibliografía e índice.  aTítulo original : tNatural parenting. A practical guide for fathers and mothers: conception to age 3.  4aEmbarazo. 4aNiñosx Cuidado e higiene.  4aNiñosxCrecimiento 4aParto.1 aClark, Jimmy, etr. 1 aOrive, Begoña etr.1 aMennim, Peter, eil.1 aMathews, Binny, eil.